| 000 | 01831pam a2200433 a 4500 | ||
|---|---|---|---|
| 001 | BK0008651353 | ||
| 003 | DLC | ||
| 005 | 20241220124948.0 | ||
| 008 | 091020s2010 nyu 000 1 eng | ||
| 010 | _a2009043615 | ||
| 020 |
_a9780316036276 : HRD _c$27.99 |
||
| 020 |
_a0316036277 : HRD _c$27.99 |
||
| 037 |
_bLittle Brown & Co, 3 Center Plaza 3rd Floor, Boston, MA, USA, 02108-2003, (617)2270730 _nSAN 200-2205 |
||
| 040 |
_aDLC _cDLC _dDLC _dNjBwBT |
||
| 050 | 0 | 0 |
_aPS3566.A822 _bA6175 2010 |
| 082 | 0 | 0 |
_a813/.54 _222 |
| 092 | _a813.5400 | ||
| 092 | _aPATTERSON | ||
| 100 | 1 |
_aPatterson, James, _d1947- _95694 |
|
| 245 | 1 | 4 |
_aThe 9th judgment / _cJames Patterson and Maxine Paetro. |
| 246 | 3 | _aNinth judgment | |
| 250 | _a1st ed. | ||
| 260 |
_aNew York : _bLittle, Brown, _c2010. |
||
| 300 |
_a355 p. ; _c25 cm. |
||
| 520 | _aAfter an assailant guns down a mother and her infant at a mall and a cat burglar kills the wife of an A-list actor, Lindsay Boxer and her partner Rich must pick up the pieces, but not before one of the killers forces Lindsay to put her life on the line. | ||
| 650 | 0 |
_aWomen detectives _zCalifornia _zSan Francisco _vFiction. _95751933 |
|
| 651 | 0 |
_aSan Francisco (Calif.) _vFiction. _95679990 |
|
| 650 | 0 |
_aMurder _xInvestigation _vFiction. _95673630 |
|
| 650 | 0 |
_aTriangles (Interpersonal relations) _vFiction. _95675421 |
|
| 650 | 0 |
_aFemale friendship _vFiction. _95674580 |
|
| 655 | 7 |
_aMystery fiction. _2gsafd _96206737 |
|
| 655 | 7 |
_aSuspense fiction. _2gsafd _96206738 |
|
| 700 | 1 |
_aPaetro, Maxine. _97420 |
|
| 856 | 4 | 2 | _3Contributor biographical information |
| 856 | 4 | 2 |
_uhttp://www.loc.gov/catdir/enhancements/fy1001/2009043615-b.html _3Publisher description |
| 856 | 4 | 2 | _uhttp://www.loc.gov/catdir/enhancements/fy1001/2009043615-d.html |
| 942 |
_cBOOK _0168 |
||
| 998 | _aa133566 | ||
| 999 |
_c68711 _d68711 |
||